000 00885cam a2200289u 4500
999 _c534049
_d534049
001 7368729
003 NUST
005 20200129104429.0
008 821101s1936 enk 000 0 eng
010 _a 37027019
038 _aMSOHAIL
040 _aDLC
_cCarP
_dDLC
041 1 _aeng
_hrus
050 0 0 _aBR125
_b.T68 1936
082 _a320.54
100 1 _aTolstoy, Leo,
_cgraf,
_d1828-1910.
_928167
240 1 0 _aT︠S︡arstvo Bozhie vnutri vas.
_lEnglish
245 0 4 _aThe kingdom of God and peace essays,
260 _aLondon,
_bOxford university press, H. Milford
_c[2008]
300 _axiii, 335, [1] p.
_c16 cm.
650 0 _aWar
_xReligious aspects.
_928168
650 0 _aKingdom of God.
_928169
650 0 _aPatriotism.
_928170
700 1 _aMaude, Aylmer,
_d1858-1938,
_eed. and tr.
_924573
906 _a0
_bcbc
_cpremunv
_du
_encip
_f19
_gy-gencatlg
942 _2ddc
_cBK